Central Library and Information Centre
Sibsagar Girls' College, Sivasagar : Assam

MERRIAM ENCYLOPEDIA OF LITERTURE (Record no. 7926)

MARC details
000 -LEADER
fixed length control field 00411cam a2200169ua 4500
008 - FIXED-LENGTH DATA ELEMENTS--GENERAL INFORMATION
fixed length control field 120803n II |||gr||||Z||||||eng
040 ## - CATALOGING SOURCE
Original cataloging agency MAIN
041 ## - LANGUAGE CODE
-- English
082 ## - DEWEY DECIMAL CLASSIFICATION NUMBER
Classification number 800 MER
100 ## - MAIN ENTRY--PERSONAL NAME
Personal name MERRIAM WEBSTERS.
245 ## - TITLE STATEMENT
Title MERRIAM ENCYLOPEDIA OF LITERTURE
260 ## - PUBLICATION, DISTRIBUTION, ETC.
Place of publication, distribution, etc. NEW DELHI
Name of publisher, distributor, etc. EURASIA PUBLISHING HOUSE
300 ## - PHYSICAL DESCRIPTION
Extent 1295:
Dimensions 25CM.
942 ## - ADDED ENTRY ELEMENTS (KOHA)
Koha item type Books
653 ## - INDEX TERM--UNCONTROLLED
Uncontrolled term Literature & rhetoric
Holdings
Withdrawn status Lost status Damaged status Not for loan Collection code Home library Current library Shelving location Date acquired Full call number Barcode Date last seen Copy number Price effective from Koha item type Public note
        General Reference Central Library and Information Centre Sibsagar Girls College Central Library and Information Centre Sibsagar Girls College Encyclopedia 23.06.1998 800 MER 15268 27.02.2020 1 27.02.2020 Books V


Sibsagar Girl's College © 2020. All rights reserved.
Powered by Koha.
Maintained by Abhijit Borpuzari.